<?xml version="1.0" encoding="UTF-8"?>
<record
    xmlns:xsi="http://www.w3.org/2001/XMLSchema-instance"
    xsi:schemaLocation="http://www.loc.gov/MARC21/slim http://www.loc.gov/standards/marcxml/schema/MARC21slim.xsd"
    xmlns="http://www.loc.gov/MARC21/slim">

  <leader>03516nam a2200337 a 4500</leader>
  <controlfield tag="003">OSt</controlfield>
  <controlfield tag="005">20250422120802.0</controlfield>
  <controlfield tag="007">cr ||||||a|c|a</controlfield>
  <controlfield tag="008">250221u2024    mx a||afom||| 001 0 spa d</controlfield>
  <datafield tag="040" ind1=" " ind2=" ">
    <subfield code="e">rda</subfield>
  </datafield>
  <datafield tag="100" ind1="1" ind2=" ">
    <subfield code="a">D&#xED;az P&#xE9;rez, Laura Guadalupe</subfield>
    <subfield code="9">190144</subfield>
  </datafield>
  <datafield tag="245" ind1="1" ind2=" ">
    <subfield code="a">Efecto letal de acetamiprid contra un vector de la enfermedad de chagas /</subfield>
    <subfield code="c">por Laura Guadalupe D&#xED;az P&#xE9;rez; director de tesis Jaime Alfredo Urz&#xFA;a Guti&#xE9;rrez; secretario Reyna Vargas Abasolo; vocal V&#xED;ctor Manuel Almaraz Valle; suplente Candelario Santill&#xE1;n Ortega; suplente Calixto Leopoldo Carrillo Fonseca.</subfield>
  </datafield>
  <datafield tag="264" ind1=" " ind2="1">
    <subfield code="a">Chapingo, M&#xE9;xico :</subfield>
    <subfield code="b">El autor,</subfield>
    <subfield code="c">2024.</subfield>
  </datafield>
  <datafield tag="300" ind1=" " ind2=" ">
    <subfield code="a">1 recurso en l&#xED;nea (54 p&#xE1;ginas).</subfield>
  </datafield>
  <datafield tag="336" ind1=" " ind2=" ">
    <subfield code="2">rdacontent</subfield>
    <subfield code="a">texto</subfield>
    <subfield code="b">txt</subfield>
  </datafield>
  <datafield tag="337" ind1=" " ind2=" ">
    <subfield code="2">rdamedia</subfield>
    <subfield code="a">computadora</subfield>
    <subfield code="b">c</subfield>
  </datafield>
  <datafield tag="338" ind1=" " ind2=" ">
    <subfield code="2">rdacarrier</subfield>
    <subfield code="a">recurso en l&#xED;nea</subfield>
    <subfield code="b">cr</subfield>
  </datafield>
  <datafield tag="502" ind1=" " ind2=" ">
    <subfield code="b">IAEPA</subfield>
    <subfield code="c">Parasitolog&#xED;a</subfield>
    <subfield code="d">2024.</subfield>
    <subfield code="g">LIC</subfield>
  </datafield>
  <datafield tag="504" ind1=" " ind2=" ">
    <subfield code="a">Incluye referencias bibliogr&#xE1;ficas: p&#xE1;ginas 41-52.</subfield>
  </datafield>
  <datafield tag="520" ind1=" " ind2=" ">
    <subfield code="a">La enfermedad de Chagas es ocasionada por el parasito Trypanosoma cruzy y transmitida principalmente v&#xED;a vectorial por chinches de la subfamilia Triatominae. Triatoma pallidipennis es uno de los principales vectores de la enfermedad de Chagas en M&#xE9;xico, siendo probablemente el vector con m&#xE1;s del 70% de los casos. Los piretroides son los m&#xE1;s usados en el control qu&#xED;mico de vectores. Pese al &#xE9;xito, se han reportado casos de resistencia lo que podr&#xED;a deberse al uso indiscriminado de los insecticidas y el deterioro de las campa&#xF1;as de control. El objetivo de este trabajo fue evaluar la toxicidad de acetamiprid contra ninfas de tercer estadio de una poblaci&#xF3;n suceptible de T. pallidipennis en condiciones de laboratorio; determinar la DL50 y la DL95, asimismo, determinar la mortalidad cuando son expuestas a superficies contaminadas con el insecticida. Se evaluaron seis concentraciones logar&#xED;tmicamente espaciadas (1.0, 0.1, 0.01, 0.001, 0.0001, 0.00001%) mediante aplicaci&#xF3;n directa, pasadas 24 horas se contabiliz&#xF3; la mortalidad y se determin&#xF3; la DL50 y la DL95. Despu&#xE9;s, se evaluaron tres concentraciones (2%, 1% y 0.5% L) aplicaci&#xF3;n directa, a las 24 horas se contabiliz&#xF3; la mortalidad para evaluar la efectividad biol&#xF3;gica.  Finalmente, la dosis 1% L fue rociada sobre madera y ladrillo, y se evalu&#xF3; la mortalidad sobre las  superficies tratadas a las 24, 48 y 72 horas de exposici&#xF3;n. Los resultados muestran que la DL50 y DL95 de acetamiprid en aplicaci&#xF3;n directa a las chinches, fue de 0.145 ppm y 91700 ppm respectivamente. A una dosis de 1% de acetamiprid se detect&#xF3; una mortalidad de 100 % despu&#xE9;s de 24 h. La mortalidad a las 72 horas de exposici&#xF3;n en madera fue de 37.5% (&#xB1;2.4), mientras que  en ladrillo fue de 50% (&#xB1;3.26). La mortalidad de las ninfas demuestra que acetamiprid puede ser una opci&#xF3;n viable para ser usado en el control de triatominos domiciliados.</subfield>
  </datafield>
  <datafield tag="650" ind1=" " ind2="4">
    <subfield code="a">Insecticidas  Control de plagas</subfield>
    <subfield code="9">164784</subfield>
  </datafield>
  <datafield tag="650" ind1=" " ind2="4">
    <subfield code="a">Triatoma pallidepennis</subfield>
    <subfield code="x">Control</subfield>
    <subfield code="9">190145</subfield>
  </datafield>
  <datafield tag="650" ind1=" " ind2="4">
    <subfield code="a">Insecticidas</subfield>
    <subfield code="x">Toxicidad</subfield>
    <subfield code="9">58882</subfield>
  </datafield>
  <datafield tag="700" ind1="1" ind2=" ">
    <subfield code="a">Urz&#xFA;a Guti&#xE9;rrez, Jaime Alfredo</subfield>
    <subfield code="9">117018</subfield>
    <subfield code="e">Director de tesis.</subfield>
  </datafield>
  <datafield tag="700" ind1="1" ind2=" ">
    <subfield code="a">Vargas Abasolo, Reyna</subfield>
    <subfield code="9">126554</subfield>
    <subfield code="e">Secretario.</subfield>
  </datafield>
  <datafield tag="700" ind1="1" ind2=" ">
    <subfield code="a">Almaraz Valle, V&#xED;ctor Manuel</subfield>
    <subfield code="9">189371</subfield>
    <subfield code="e">Vocal.</subfield>
  </datafield>
  <datafield tag="700" ind1="1" ind2=" ">
    <subfield code="a">Santill&#xE1;n Ortega, Candelario</subfield>
    <subfield code="9">102429</subfield>
    <subfield code="e">Suplente.</subfield>
  </datafield>
  <datafield tag="700" ind1="1" ind2=" ">
    <subfield code="a">Carrillo Fonseca, Calixto Leopoldo</subfield>
    <subfield code="9">19482</subfield>
    <subfield code="e">Suplente.</subfield>
  </datafield>
  <datafield tag="856" ind1=" " ind2=" ">
    <subfield code="u">http://10.13.5.2/tesis/tl/1610613-1_DIAZ_PEREZ_LAURAGUADALUPE.pdf</subfield>
    <subfield code="z">DESCARGAR PDF</subfield>
  </datafield>
  <datafield tag="942" ind1=" " ind2=" ">
    <subfield code="2">Clasificaci&#xF3;n Universidad Aut&#xF3;noma Chapingo</subfield>
    <subfield code="c">TD</subfield>
  </datafield>
  <datafield tag="999" ind1=" " ind2=" ">
    <subfield code="c">220475</subfield>
    <subfield code="d">220475</subfield>
  </datafield>
  <datafield tag="952" ind1=" " ind2=" ">
    <subfield code="0">0</subfield>
    <subfield code="1">0</subfield>
    <subfield code="2">local</subfield>
    <subfield code="4">0</subfield>
    <subfield code="5">1</subfield>
    <subfield code="7">0</subfield>
    <subfield code="8">TesDigL</subfield>
    <subfield code="a">BD</subfield>
    <subfield code="b">BD</subfield>
    <subfield code="c">E_L</subfield>
    <subfield code="d">2025-02-21</subfield>
    <subfield code="l">0</subfield>
    <subfield code="o">Tesis digital</subfield>
    <subfield code="r">2025-02-21 12:21:19</subfield>
    <subfield code="w">2025-02-21</subfield>
    <subfield code="y">TD</subfield>
  </datafield>
</record>
